00382cam a2200157ua 45000010005000000080039000050400009000440820012000531000012000652450024000772500009001012600055001103000017001656530018001826530024002004345111223n ii |||gr||||Z||||||asm cMAIN a891.4511 eAuthor.11aAsamiya katha cayan a1st. aDibrugarh:bUniversity co-ordinator committee,972. a313p:c23cm. aAssamese text aAsamiya katha cayan